000
00239nam a22000857a 4500
008
161207b xxu||||| |||| 00| 0 eng d
100
_9
1893
_a
Madan. M
245
_a
Log on to the computer world - 8
260
_a
New delhi
_b
Navdeep publication
_c
2004
999
_c
4656
_d
4656